| 000 | 02042nam a22002297a 4500 | ||
|---|---|---|---|
| 999 |
_c63272 _d63272 |
||
| 003 | Ge_BSU | ||
| 005 | 20250715110500.0 | ||
| 008 | 250715s2024 ge ||||| |||| 00| 0 geo d | ||
| 020 | _a9789941519017 X | ||
| 041 | _ageo | ||
| 080 | _a339.924(063)+338.22(063) ს-12 | ||
| 245 |
_aსაერთაშორისო სამეცნიერო კონფერენცია ,, ეკონომიკისა და ბიზნესის გლობალური გამოწვევები და მდგრადი განვითარება"-2024 =INTERNATIONAL SCIENTIFIC CONFERENCE,, GLOBAL CHALLENGRS AND SUSTAINABLE DEVELOPMENT OF ECONOMICS AND BUSINESS"-2024. _bაბსტრაქტების კრებული : Book Of Proceedings: 4-5 ოქტომბერი / _cსაორგანიზაციო კომიტეტი: ნათია წიკლაშვილი, ბადრი გეჩბაია და სხვ. |
||
| 264 |
_aბათუმი: _bბათუმის შოთა რუსთაველის სახელმწიფო უნივერსიტეტი, _c2025. |
||
| 300 |
_a223 გვ.: _b29 სმ. |
||
| 546 | _aქართული და ინგლისური | ||
| 653 | _aსაერთაშორისო სამეცნიერო კონფერენცია ,, ეკონომიკისა და ბიზნესის გლობალური გამოწვევები და მდგრადი განვითარება"-2024 | ||
| 653 | _aეკონომიკა | ||
| 700 |
_aწიკლაშვილი, ნათია _eდა სხვ _96079 |
||
| 710 |
_aბათუმის შოთა რუსთაველის სახელმწიფო უნივერსიტეტი _925647 |
||
| 710 |
_aეკონომიკისა და ბიზნესის ფაკულტეტი _925648 |
||
| 942 |
_2udc _cᲬᲘᲒᲜᲘ |
||